[Event "23rd EUR-ch"]
[Site "Vrnjacka Banja SRB"]
[Date "2023.03.13"]
[Round "11.166"]
[White "Ozsakallioglu, Okan"]
[Black "Banov, Boil"]
[Result "1-0"]
[WhiteElo "2264"]
[BlackElo "2016"]
[EventDate "2023.03.03"]
[PlyCount "55"]

1.e4 c5 2.Nf3 Nc6 3.Bb5 g6 4.Bxc6 dxc6 5.d3 Bg7 6.h3 e5 7.Be3 Qe7 8.Qd2 
Nf6 9.Nc3 Bd7 10.Ne2 b6 11.Qc3 Be6 12.Nxe5 Nd7 13.f4 Nxe5 14.fxe5 Qh4+ 15.
Bf2 Qg5 16.Bg3 h5 17.O-O h4 18.Bf4 Qh5 19.Rae1 g5 20.Bd2 Bh6 21.d4 c4 22.
d5 cxd5 23.exd5 Bxd5 24.e6 O-O 25.e7 Rfe8 26.Qe5 Bc6 27.Nf4 f6 28.Nxh5 1-0

[Event "23rd EUR-ch"]
[Site "Vrnjacka Banja SRB"]
[Date "2023.03.13"]
[Round "11.167"]
[White "Horvat, Damjan"]
[Black "Parligras, Cosmin"]
[Result "1/2-1/2"]
[WhiteElo "2095"]
[BlackElo "2260"]
[EventDate "2023.03.03"]
[PlyCount "91"]

1.e4 e5 2.Nf3 Nc6 3.Bb5 a6 4.Ba4 Nf6 5.d3 b5 6.Bb3 Bc5 7.O-O d6 8.c3 h6 9.
Qe2 O-O 10.Be3 Bxe3 11.Qxe3 Re8 12.Nbd2 Be6 13.Bxe6 Rxe6 14.d4 Re8 15.d5 
Ne7 16.c4 c5 17.a3 Qb8 18.Rfb1 b4 19.axb4 Qxb4 20.b3 a5 21.Ra4 Qb6 22.Rba1
Ra6 23.Nb1 Rea8 24.Nc3 Ng6 25.Nb5 Ne8 26.Nd2 Qd8 27.g3 Kh7 28.h3 Nc7 29.
Nc3 Qg5 30.Qxg5 hxg5 31.Kg2 Kg8 32.Nd1 Nf8 33.Ne3 g6 34.Nf3 f6 35.Rh1 Nd7 
36.h4 gxh4 37.Rxh4 Kg7 38.Ra1 Rh8 39.Rxh8 Kxh8 40.g4 g5 41.Nf5 Ne8 42.Ne7 
Nb8 43.Nd2 Kg7 44.Nf3 Kf7 45.Nf5 Nd7 46.Rb1 1/2-1/2

[Event "23rd EUR-ch"]
[Site "Vrnjacka Banja SRB"]
[Date "2023.03.13"]
[Round "11.168"]
[White "Bouska, Jiri"]
[Black "Celik, Ali Alper"]
[Result "1-0"]
[WhiteElo "2257"]
[BlackElo "1961"]
[EventDate "2023.03.03"]
[PlyCount "93"]

1.e4 c5 2.Nf3 e6 3.b3 d5 4.exd5 exd5 5.Bb5+ Nc6 6.O-O Bd6 7.Bb2 Nf6 8.Re1+
Be6 9.d4 O-O 10.Nbd2 Re8 11.Nf1 Qb6 12.Bxc6 bxc6 13.Ng3 Bg4 14.dxc5 Bxc5 
15.Qd2 Bxf3 16.Bxf6 Be4 17.Nxe4 dxe4 18.Qg5 Bf8 19.Rad1 Qc5 20.Qxc5 Bxc5 
21.Bd4 Bb4 22.c3 Ba5 23.b4 Bb6 24.c4 f5 25.a4 Rad8 26.c5 Bc7 27.b5 Ba5 28.
Rf1 Rd5 29.Be3 Red8 30.Rxd5 Rxd5 31.b6 axb6 32.cxb6 Rd7 33.g3 g5 34.Rc1 f4
35.gxf4 gxf4 36.Bxf4 Bxb6 37.Rxc6 Rg7+ 38.Kf1 Rf7 39.Rxb6 Rxf4 40.Rb4 Rh4 
41.Kg2 Rg4+ 42.Kh3 h5 43.f3 Rf4 44.fxe4 Rf3+ 45.Kh4 Kf7 46.Kxh5 Rd3 47.Kg5
1-0

[Event "23rd EUR-ch"]
[Site "Vrnjacka Banja SRB"]
[Date "2023.03.13"]
[Round "11.170"]
[White "Ciorgovean, Iustin"]
[Black "Petrovic, Dragan R."]
[Result "1-0"]
[WhiteElo "2325"]
[BlackElo "2141"]
[EventDate "2023.03.03"]
[PlyCount "95"]

1.d4 Nf6 2.c4 g6 3.Nc3 Bg7 4.e4 d6 5.h3 O-O 6.Be3 Nbd7 7.Nf3 e5 8.d5 Nc5 
9.Nd2 a5 10.g4 c6 11.Be2 Rb8 12.g5 Ne8 13.h4 Nc7 14.a3 cxd5 15.cxd5 b5 16.
b4 axb4 17.axb4 N5a6 18.Rb1 f6 19.gxf6 Qxf6 20.Nf1 Bd7 21.h5 g5 22.Bg4 
Bxg4 23.Qxg4 h6 24.Ng3 Rbc8 25.Kd2 Qd8 26.Nf5 Kh7 27.Rhc1 Ne8 28.Qe2 Nf6 
29.f3 Nxh5 30.Qxb5 Nc7 31.Qb6 Rb8 32.Qxd6 Qxd6 33.Nxd6 Rxf3 34.b5 Bf8 35.
Nc4 Nf6 36.b6 Nce8 37.Nxe5 Rxe3 38.Kxe3 Rxb6 39.Rxb6 Bc5+ 40.Kf3 Bxb6 41.
Nb5 h5 42.d6 g4+ 43.Kf4 Ng7 44.d7 g3 45.Kxg3 Nxe4+ 46.Kf4 Nc5 47.Rd1 Nge6+
48.Kf5 1-0

[Event "23rd EUR-ch"]
[Site "Vrnjacka Banja SRB"]
[Date "2023.03.13"]
[Round "11.171"]
[White "Veleski, Robert"]
[Black "Averin, Nikolai"]
[Result "1/2-1/2"]
[WhiteElo "2106"]
[BlackElo "2296"]
[EventDate "2023.03.03"]
[PlyCount "75"]

1.d4 d5 2.c4 e6 3.Nc3 Nf6 4.cxd5 exd5 5.Bg5 c6 6.e3 Be7 7.Bd3 Nbd7 8.Nf3 
Nh5 9.Bxe7 Qxe7 10.O-O O-O 11.Qb1 Nhf6 12.b4 a5 13.b5 c5 14.Rc1 c4 15.Bc2 
g6 16.Qb2 Nb6 17.a4 Re8 18.Qa3 Qb4 19.Rcb1 Qxa3 20.Rxa3 Be6 21.Ne5 Re7 22.
Re1 Rae8 23.Raa1 Nfd7 24.Rad1 f6 25.Nf3 g5 26.h3 Kg7 27.Kf1 Bf7 28.h4 g4 
29.Ng1 Bg6 30.Bxg6 hxg6 31.Nge2 f5 32.Nf4 Nf6 33.g3 Rd7 34.Ra1 Ne4 35.Nxe4
Rxe4 36.Ne2 Ree7 37.Nc3 Rd6 38.Kg2 1/2-1/2

[Event "23rd EUR-ch"]
[Site "Vrnjacka Banja SRB"]
[Date "2023.03.13"]
[Round "11.172"]
[White "Korelsky, Egor"]
[Black "Dobre, Claudiu-Cristian"]
[Result "0-1"]
[WhiteElo "2127"]
[BlackElo "2271"]
[EventDate "2023.03.03"]
[PlyCount "146"]

1.e4 e5 2.Nf3 Nf6 3.Nxe5 d6 4.Nf3 Nxe4 5.Nc3 Nf6 6.d4 Be7 7.Bd3 O-O 8.O-O 
Nc6 9.a3 Bg4 10.Be3 d5 11.h3 Bh5 12.Be2 Ne4 13.Nd2 Nxc3 14.bxc3 Bxe2 15.
Qxe2 Qd7 16.Nb3 Rfe8 17.Qd3 Bd6 18.Rfe1 b6 19.c4 dxc4 20.Qxc4 Ne7 21.Qd3 
Qf5 22.Qxf5 Nxf5 23.c4 Nxe3 24.Rxe3 Rxe3 25.fxe3 Re8 26.Kf2 f5 27.a4 Be7 
28.g3 Bg5 29.Re1 Kf7 30.Kf3 Re4 31.Nd2 Re6 32.Nb3 Rc6 33.Rc1 Re6 34.Re1 
Re4 35.Nd2 Re7 36.Nb3 Ke8 37.e4 fxe4+ 38.Rxe4 Kd7 39.Rxe7+ Bxe7 40.Ke4 Bd6
41.g4 Ke6 42.d5+ Kf6 43.Nd4 a6 44.Ne6 h6 45.Nd4 Bg3 46.Nf5 Bf2 47.Kf3 Be1 
48.Ke4 Bf2 49.Kf3 g6 50.Kxf2 gxf5 51.Kg3 Ke5 52.gxf5 Kxf5 53.Kh4 Ke5 54.
Kh5 Kd4 55.Kxh6 Kxc4 56.Kg5 Kxd5 57.h4 c5 58.h5 c4 59.h6 c3 60.h7 c2 61.
h8=Q c1=Q+ 62.Kg6 Qc2+ 63.Kg5 Qg2+ 64.Kf4 Qf2+ 65.Kg5 Qe3+ 66.Kf5 Qe4+ 67.
Kg5 Qe5+ 68.Qxe5+ Kxe5 69.Kg4 Ke4 70.Kg3 Ke3 71.Kg2 b5 72.axb5 axb5 73.Kf1
Kd2 0-1

[Event "23rd EUR-ch"]
[Site "Vrnjacka Banja SRB"]
[Date "2023.03.13"]
[Round "11.175"]
[White "Dumbelovic, Novak"]
[Black "Blagojevic, Tijana"]
[Result "0-1"]
[WhiteElo "1948"]
[BlackElo "2238"]
[EventDate "2023.03.03"]
[PlyCount "56"]

1.e4 e5 2.Nf3 Nc6 3.Bc4 Bc5 4.b4 Bxb4 5.c3 Be7 6.Qb3 Nh6 7.d4 Na5 8.Qa4 
Nxc4 9.Qxc4 Ng4 10.h3 d5 11.exd5 Nf6 12.Nxe5 Qxd5 13.Qxd5 Nxd5 14.O-O f6 
15.Nc4 Be6 16.Ne3 Nf4 17.Rd1 O-O-O 18.Bb2 Rhe8 19.c4 Bb4 20.Kf1 Bf7 21.Nd2
Nd3 22.Rab1 Nxb2 23.Rxb2 Bc3 24.Rc2 Bxd4 25.Nf5 Bg6 26.Nxd4 Bd3+ 27.Kg1 
Bxc2 28.Nxc2 Re2 0-1

[Event "23rd EUR-ch"]
[Site "Vrnjacka Banja SRB"]
[Date "2023.03.13"]
[Round "11.176"]
[White "Eric, Jovana"]
[Black "Krunic, Dusan"]
[Result "1-0"]
[WhiteElo "2230"]
[BlackElo "2116"]
[EventDate "2023.03.03"]
[PlyCount "69"]

1.e4 c6 2.d4 d5 3.e5 Bf5 4.Nf3 e6 5.Be2 Nd7 6.O-O a5 7.a4 f6 8.c3 Qc7 9.
Bf4 fxe5 10.dxe5 Bc5 11.Nd4 Ne7 12.g4 Bxd4 13.cxd4 Be4 14.Nc3 Qb6 15.Bg5 
h6 16.Nxe4 dxe4 17.Be3 Nd5 18.Qc2 O-O-O 19.Bc4 Rhf8 20.Bxd5 exd5 21.e6 Rf3
22.exd7+ Rxd7 23.Kh1 Qd8 24.Rg1 Rdf7 25.Qd2 Qh4 26.Rg2 Qf6 27.Qxa5 Rh3 28.
Qd2 h5 29.g5 Qd6 30.a5 Rff3 31.a6 bxa6 32.Rxa6 Rh4 33.Qa5 Kd7 34.Ra7+ Ke6 
35.Qc7 1-0

[Event "23rd EUR-ch"]
[Site "Vrnjacka Banja SRB"]
[Date "2023.03.13"]
[Round "11.177"]
[White "Shatil, Shir"]
[Black "Kosovic, Miroslav"]
[Result "0-1"]
[WhiteElo "2222"]
[BlackElo "2100"]
[EventDate "2023.03.03"]
[PlyCount "98"]

1.d4 Nf6 2.Nf3 g6 3.c4 Bg7 4.Nc3 d6 5.e4 O-O 6.h3 Nbd7 7.Bg5 h6 8.Be3 c6 
9.Be2 Kh7 10.a3 a6 11.Qc2 b5 12.Rd1 bxc4 13.Bxc4 a5 14.e5 Ne8 15.e6 Nb6 
16.Ba2 Bxe6 17.Bxe6 fxe6 18.Nh4 Rf6 19.Ne4 Rf5 20.g4 Rf7 21.Ng3 Kg8 22.
Qxg6 Rf6 23.Qc2 Nd5 24.Ne4 Rf7 25.g5 Nxe3 26.fxe3 a4 27.Rf1 h5 28.Qe2 Qa5+
29.Nc3 Nc7 30.g6 Rf6 31.Rd2 Rb8 32.Kd1 Nd5 33.Ne4 Rb3 34.Rd3 Qb6 35.Rxb3 
Qxb3+ 36.Kc1 Rf8 37.Ng2 Rb8 38.Rd1 Qa2 39.Qc2 c5 40.Qb1 Qc4+ 41.Qc2 Qb5 
42.Ng5 cxd4 43.exd4 Nf4 44.Nf3 Qb7 45.Nxf4 Rc8 46.Nd2 Rxc2+ 47.Kxc2 Bxd4 
48.Nd3 e5 49.Nb4 Qc8+ 0-1

[Event "23rd EUR-ch"]
[Site "Vrnjacka Banja SRB"]
[Date "2023.03.13"]
[Round "11.178"]
[White "Angun, Batu"]
[Black "Pantic, Ivica"]
[Result "1-0"]
[WhiteElo "2206"]
[BlackElo "2091"]
[EventDate "2023.03.03"]
[PlyCount "47"]

1.d4 d5 2.c4 c6 3.Nf3 Nf6 4.Nc3 a6 5.cxd5 cxd5 6.Bg5 Nh5 7.e3 h6 8.Bh4 g5 
9.Ne5 Nf6 10.Bg3 Qb6 11.Bd3 Qxb2 12.O-O Qb6 13.e4 dxe4 14.Nxe4 Nxe4 15.
Bxe4 Bg7 16.Qa4+ Kf8 17.Rab1 Qd8 18.Bxb7 Bxb7 19.Rxb7 Bxe5 20.Bxe5 f6 21.
Bxf6 Rh7 22.Re1 Qe8 23.Bxe7+ Kg7 24.Bf8+ 1-0

[Event "23rd EUR-ch"]
[Site "Vrnjacka Banja SRB"]
[Date "2023.03.13"]
[Round "11.179"]
[White "Aleksic, Milan"]
[Black "Ciric, Pavle"]
[Result "1-0"]
[WhiteElo "2202"]
[BlackElo "2037"]
[EventDate "2023.03.03"]
[PlyCount "117"]

1.e4 e6 2.d4 d5 3.Nc3 Nf6 4.e5 Nfd7 5.f4 c5 6.Nf3 Nc6 7.Be3 Be7 8.Qd2 O-O 
9.dxc5 Qa5 10.a3 a6 11.h4 Nxc5 12.Nd4 Qc7 13.h5 f6 14.h6 g6 15.exf6 Bxf6 
16.g3 Ne4 17.Nxe4 dxe4 18.O-O-O Rd8 19.Qf2 e5 20.Bc4+ Kh8 21.Nxc6 Qxc6 22.
Rxd8+ Bxd8 23.Rd1 Be6 24.fxe5 Be7 25.Bxe6 Qxe6 26.Qd2 Kg8 27.Qd7 Qxe5 28.
Qxb7 Rb8 29.Qd5+ Qxd5 30.Rxd5 Kf7 31.Rd7 Rb5 32.c4 Rf5 33.g4 Rf1+ 34.Kd2 
Ke6 35.Ra7 Rh1 36.Rxa6+ Ke5 37.Kc3 Rd1 38.Ra5+ Ke6 39.Rd5 Bf6+ 40.Kc2 Re1 
41.Bd4 Bxd4 42.Rxd4 Ke5 43.Rd7 Kf4 44.Rxh7 Ke3 45.Rg7 Re2+ 46.Kc3 Rh2 47.
Rxg6 Ke2 48.g5 e3 49.Re6 Rh3 50.c5 Kd1 51.b4 e2+ 52.Kc4 Rh4+ 53.Kb5 Rh5 
54.a4 Rxg5 55.a5 Rh5 56.a6 Rxh6 57.Rxe2 Kxe2 58.a7 Rh8 59.Kb6 1-0

[Event "23rd EUR-ch"]
[Site "Vrnjacka Banja SRB"]
[Date "2023.03.13"]
[Round "11.180"]
[White "Glienke, Manfred"]
[Black "Alexakis, Dimitrios"]
[Result "1/2-1/2"]
[WhiteElo "2201"]
[BlackElo "2024"]
[EventDate "2023.03.03"]
[PlyCount "57"]

1.d4 Nf6 2.Bf4 g6 3.Nf3 Bg7 4.e3 d6 5.h3 O-O 6.Be2 Nbd7 7.O-O c5 8.c4 b6 
9.Nc3 Bb7 10.d5 a6 11.a4 Ne8 12.e4 Nc7 13.Qd2 Rb8 14.Bh6 Bc8 15.Bxg7 Kxg7 
16.Nh2 Nf6 17.f4 Bd7 18.e5 Ng8 19.Ne4 b5 20.Ra3 bxc4 21.Bxc4 Rb4 22.b3 Bc8
23.Nf3 Bb7 24.Rd1 f6 25.Raa1 a5 26.Qc3 Ba6 27.exd6 exd6 28.Nfg5 Bxc4 29.
bxc4 1/2-1/2

[Event "23rd EUR-ch"]
[Site "Vrnjacka Banja SRB"]
[Date "2023.03.13"]
[Round "11.181"]
[White "Garifulin, Yury"]
[Black "Tudor, Henry Edward"]
[Result "0-1"]
[WhiteElo "1975"]
[BlackElo "2201"]
[EventDate "2023.03.03"]
[PlyCount "36"]

1.e4 c5 2.Nf3 e6 3.d4 cxd4 4.Nxd4 a6 5.c4 Nf6 6.Nc3 Bb4 7.Bd3 Nc6 8.Be3 
Bxc3+ 9.bxc3 d6 10.O-O Qc7 11.f4 e5 12.Nxc6 Qxc6 13.f5 Nxe4 14.Bxe4 Qxe4 
15.Qxd6 Qxe3+ 16.Kh1 Bd7 17.Rad1 O-O-O 18.Qe7 Bc6 0-1

[Event "23rd EUR-ch"]
[Site "Vrnjacka Banja SRB"]
[Date "2023.03.13"]
[Round "11.184"]
[White "Bleuzen, Erwan"]
[Black "Onslow, Alfie"]
[Result "0-1"]
[WhiteElo "1937"]
[BlackElo "2174"]
[EventDate "2023.03.03"]
[PlyCount "84"]

1.d4 Nf6 2.Nf3 d5 3.c4 e6 4.Nc3 Bb4 5.Bg5 dxc4 6.e4 c5 7.Bxf6 Qxf6 8.Bxc4 
O-O 9.O-O Rd8 10.Qb3 cxd4 11.Qxb4 Nc6 12.Qa3 dxc3 13.Qxc3 Qxc3 14.bxc3 b6 
15.Rfd1 Bb7 16.Bd3 Rac8 17.Rac1 Kf8 18.Kf1 Na5 19.Nd4 Ke7 20.f3 Nc4 21.
Bxc4 Rxc4 22.Ke1 Ba6 23.Ne2 Rdc8 24.Rd4 e5 25.Rxc4 Bxc4 26.Rc2 Bd3 27.Rc1 
b5 28.Ng3 g6 29.Nh1 Rc6 30.Nf2 Bc4 31.a3 f5 32.g3 Rd6 33.Ra1 fxe4 34.fxe4 
Rf6 35.a4 Ra6 36.Ng4 Rxa4 37.Rxa4 bxa4 38.Kd2 Ke6 39.Kc2 Be2 40.Nf2 Kd6 
41.Kb2 Kc5 42.Ka3 h6 0-1

[Event "23rd EUR-ch"]
[Site "Vrnjacka Banja SRB"]
[Date "2023.03.13"]
[Round "11.186"]
[White "Stoinev, Metodi"]
[Black "Alfirevic, Duje"]
[Result "1/2-1/2"]
[WhiteElo "2159"]
[BlackElo "1924"]
[EventDate "2023.03.03"]
[PlyCount "48"]

1.e4 e5 2.Nf3 Nc6 3.Bb5 a6 4.Ba4 Nf6 5.Qe2 b5 6.Bb3 Bc5 7.d3 d6 8.c3 h6 9.
h3 Rb8 10.a3 Bb6 11.Nbd2 Na5 12.Ba2 c5 13.O-O Nc6 14.Rd1 O-O 15.Nf1 Re8 
16.Ng3 d5 17.Nh4 Nxe4 18.dxe4 Qxh4 19.Bxd5 Na5 20.Be3 Be6 21.Nf5 Bxf5 22.
exf5 c4 23.Bxb6 Rxb6 24.Qe3 Qf6 1/2-1/2

[Event "23rd EUR-ch"]
[Site "Vrnjacka Banja SRB"]
[Date "2023.03.13"]
[Round "11.187"]
[White "Voiteanu, Gabriel"]
[Black "Biyiksiz, Ali Batuhan"]
[Result "1/2-1/2"]
[WhiteElo "2155"]
[BlackElo "1994"]
[EventDate "2023.03.03"]
[PlyCount "27"]

1.d4 Nf6 2.c4 e6 3.Nf3 b6 4.e3 Ba6 5.Qc2 Bb4+ 6.Bd2 Bxd2+ 7.Nbxd2 d5 8.Be2
O-O 9.O-O Nbd7 10.Rfe1 c5 11.e4 dxe4 12.Nxe4 Nxe4 13.Qxe4 Nf6 14.Qe3 
1/2-1/2

[Event "23rd EUR-ch"]
[Site "Vrnjacka Banja SRB"]
[Date "2023.03.13"]
[Round "11.188"]
[White "Shadyev, Damir"]
[Black "Bauer, Thomas"]
[Result "0-1"]
[WhiteElo "1712"]
[BlackElo "2151"]
[EventDate "2023.03.03"]
[PlyCount "66"]

1.e4 c5 2.Nc3 d6 3.g3 g6 4.Bg2 Bg7 5.f4 Nc6 6.d3 Rb8 7.a4 Nd4 8.Nf3 e6 9.
Ne2 Nxf3+ 10.Bxf3 Ne7 11.O-O b6 12.c3 d5 13.e5 h5 14.Be3 O-O 15.Bf2 Bb7 
16.Qd2 d4 17.Bxb7 dxc3 18.bxc3 Rxb7 19.a5 Rd7 20.d4 bxa5 21.Qa2 cxd4 22.
cxd4 Nc6 23.Qa4 Rc7 24.Rfc1 Qd7 25.Rc3 Rfc8 26.Rac1 Qd5 27.Rc5 Qf3 28.d5 
Nxe5 29.Rxc7 Rxc7 30.Rxc7 Nd3 31.Bd4 Ne1 32.Rc8+ Kh7 33.Rh8+ Bxh8 0-1

[Event "23rd EUR-ch"]
[Site "Vrnjacka Banja SRB"]
[Date "2023.03.13"]
[Round "11.189"]
[White "Farkas, Tibor"]
[Black "Grozdanovic, Anastasia"]
[Result "1/2-1/2"]
[WhiteElo "2247"]
[BlackElo "2050"]
[EventDate "2023.03.03"]
[PlyCount "26"]

1.e4 e5 2.Nf3 Nc6 3.Bb5 a6 4.Ba4 d6 5.c3 Bd7 6.O-O g6 7.Re1 Bg7 8.h3 Nge7 
9.d4 O-O 10.dxe5 Nxe5 11.Nxe5 Bxa4 12.Qxa4 Bxe5 13.Bh6 Re8 1/2-1/2

[Event "23rd EUR-ch"]
[Site "Vrnjacka Banja SRB"]
[Date "2023.03.13"]
[Round "11.190"]
[White "Miletic, Vuk"]
[Black "Kostic, Milutin B."]
[Result "1/2-1/2"]
[WhiteElo "2231"]
[BlackElo "2049"]
[EventDate "2023.03.03"]
[PlyCount "56"]

1.d4 Nf6 2.Bf4 e6 3.e3 c5 4.Nf3 cxd4 5.exd4 b6 6.Nbd2 Be7 7.h3 O-O 8.Bd3 
Bb7 9.O-O d6 10.Bh2 Nbd7 11.Re1 Re8 12.a4 a6 13.c3 Nd5 14.Qb3 Ra7 15.Nc4 
N7f6 16.Nfd2 Bc6 17.Bf1 Bf8 18.f3 Rb7 19.Qc2 Rd7 20.Ne4 Be7 21.Bd3 g6 22.
Qb3 Nh5 23.Bf1 Nhf6 24.Ncd2 Ra7 25.c4 Nxe4 26.Nxe4 Nf6 27.Nc3 d5 28.a5 Rb7
1/2-1/2

[Event "23rd EUR-ch"]
[Site "Vrnjacka Banja SRB"]
[Date "2023.03.13"]
[Round "11.192"]
[White "Bashirov, Kemal"]
[Black "Butolo, Alexandru-Mircea"]
[Result "1-0"]
[WhiteElo "2188"]
[BlackElo "2027"]
[EventDate "2023.03.03"]
[PlyCount "49"]

1.d4 Nf6 2.Nf3 e6 3.Nbd2 d5 4.e3 b6 5.b3 Bb7 6.Bb2 Nbd7 7.Bd3 Ne4 8.O-O 
Bd6 9.c4 O-O 10.Rc1 Qe7 11.Qe2 f5 12.Ne5 Nxe5 13.dxe5 Bc5 14.Nf3 f4 15.Bd4
Ba3 16.Rcd1 c5 17.Ba1 Ng5 18.exf4 Rxf4 19.Nxg5 Qxg5 20.cxd5 Bxd5 21.f3 
Raf8 22.Kh1 Rh4 23.h3 Qh5 24.Kh2 h6 25.Qe3 1-0

[Event "23rd EUR-ch"]
[Site "Vrnjacka Banja SRB"]
[Date "2023.03.13"]
[Round "11.193"]
[White "Andreev, Stanislav"]
[Black "Gikas, Andreas Basilius"]
[Result "1/2-1/2"]
[WhiteElo "2016"]
[BlackElo "2157"]
[EventDate "2023.03.03"]
[PlyCount "48"]

1.d4 d5 2.c4 c6 3.Nc3 Nf6 4.cxd5 cxd5 5.Bf4 Qb6 6.Rc1 Nc6 7.e3 Bf5 8.Bb5 
e6 9.Nge2 Be7 10.O-O Rc8 11.a3 O-O 12.Ng3 Bg6 13.h4 h6 14.h5 Bh7 15.Qe2 a6
16.Bd3 Bxd3 17.Qxd3 Qb3 18.Qe2 Rfd8 19.Rfd1 Na5 20.e4 dxe4 21.Ncxe4 Rxc1 
22.Bxc1 Nc6 23.Be3 Nxe4 24.Nxe4 Bf8 1/2-1/2

[Event "23rd EUR-ch"]
[Site "Vrnjacka Banja SRB"]
[Date "2023.03.13"]
[Round "11.194"]
[White "Sertbay, Huseyin"]
[Black "Nilssen, Ellen Fredericia"]
[Result "0-1"]
[WhiteElo "2016"]
[BlackElo "2144"]
[EventDate "2023.03.03"]
[PlyCount "33"]

1.d4 Nf6 2.c4 e6 3.Nf3 d5 4.Nc3 Be7 5.Bg5 O-O 6.e3 Nbd7 7.Qc2 c6 8.cxd5 
exd5 9.Bd3 Re8 10.O-O Nf8 11.a3 Ne6 12.Bh4 g6 13.h3 Ng7 14.Bg3 Bf5 15.b4 
a6 16.Na4 Bxd3 17.Qxd3 0-1

[Event "23rd EUR-ch"]
[Site "Vrnjacka Banja SRB"]
[Date "2023.03.13"]
[Round "11.195"]
[White "Medancic, Rikard"]
[Black "Bjelanovic, Mile"]
[Result "1/2-1/2"]
[WhiteElo "2139"]
[BlackElo "2017"]
[EventDate "2023.03.03"]
[PlyCount "67"]

1.d4 Nf6 2.Nc3 d5 3.Bf4 c5 4.e3 cxd4 5.exd4 a6 6.Nf3 Bg4 7.Be2 e6 8.O-O 
Bd6 9.Ne5 Bxe2 10.Nxe2 O-O 11.Ng3 Nc6 12.Nxc6 bxc6 13.Bxd6 Qxd6 14.c3 Rab8
15.b4 g6 16.Qd2 Kg7 17.Rfe1 Rfe8 18.Re2 Re7 19.Rae1 Ra7 20.h4 h5 21.Qg5 
Qd8 22.Re3 Kh7 23.Rf3 Ng4 24.Ne2 Nh6 25.Rf6 Ng8 26.Rf3 Qxg5 27.hxg5 a5 28.
a3 Kg7 29.Nf4 Ne7 30.Nd3 Nf5 31.Nc5 Rb6 32.g3 axb4 33.axb4 Nd6 34.Rd3 
1/2-1/2

[Event "23rd EUR-ch"]
[Site "Vrnjacka Banja SRB"]
[Date "2023.03.13"]
[Round "11.196"]
[White "Peric, Slavisa"]
[Black "Bashylina, Luisa"]
[Result "1/2-1/2"]
[WhiteElo "1980"]
[BlackElo "2127"]
[EventDate "2023.03.03"]
[PlyCount "85"]

1.d4 Nf6 2.Nf3 g6 3.c4 Bg7 4.Nc3 d5 5.h3 O-O 6.cxd5 Nxd5 7.e4 Nxc3 8.bxc3 
c5 9.Be2 Nc6 10.Be3 f5 11.Qb3+ Kh8 12.dxc5 Be6 13.Qa3 fxe4 14.Nd2 Ne5 15.
O-O Bf5 16.Bd4 Nd3 17.Bxd3 exd3 18.Qb4 e5 19.Be3 Qd5 20.f3 Rac8 21.g4 Be6 
22.Ne4 h5 23.c4 Qc6 24.Qb5 Bd5 25.Qxc6 Bxc6 26.Rad1 hxg4 27.hxg4 Rcd8 28.
Kg2 Rd7 29.Rh1+ Kg8 30.Rh3 a6 31.Rd2 Rxf3 32.Kxf3 Rf7+ 33.Kg3 Bxe4 34.Rf2 
Rd7 35.Rhh2 Bf8 36.Rf6 Kg7 37.Re6 Bxc5 38.Bxc5 d2 39.Rxd2 Rxd2 40.Rxe5 Bc6
41.g5 Rd7 42.Be7 Rd3+ 43.Kf2 1/2-1/2

[Event "23rd EUR-ch"]
[Site "Vrnjacka Banja SRB"]
[Date "2023.03.13"]
[Round "11.197"]
[White "Modric, Milos"]
[Black "Giacomini, Hector"]
[Result "0-1"]
[WhiteElo "2002"]
[BlackElo "2121"]
[EventDate "2023.03.03"]
[PlyCount "108"]

1.e4 c6 2.d4 d5 3.e5 c5 4.c3 Nc6 5.Be2 Bf5 6.Nf3 e6 7.O-O Rc8 8.a3 cxd4 9.
cxd4 Bg4 10.Nbd2 Nge7 11.b4 Qb6 12.Bb2 Nf5 13.Rc1 a6 14.h3 Bxf3 15.Nxf3 
Be7 16.Qd2 O-O 17.Bd3 g6 18.Bxf5 exf5 19.Rc2 a5 20.Rfc1 axb4 21.axb4 Qxb4 
22.Qh6 Ra8 23.h4 Rfe8 24.h5 Bf8 25.Qf4 Nd8 26.Bc3 Qe7 27.Rb1 Ne6 28.Qg3 
Rec8 29.Bb4 Qd7 30.Rxc8 Rxc8 31.Bxf8 Kxf8 32.hxg6 hxg6 33.Qh4 Kg8 34.g3 
Rc7 35.Kg2 Qe7 36.Qh6 Qf8 37.Qd2 Qg7 38.Rb5 f4 39.Rxd5 g5 40.Ra5 Qg6 41.d5
Rc2 42.dxe6 Rxd2 43.Ra8+ Kg7 44.e7 Rxf2+ 45.Kxf2 Qc2+ 46.Kf1 Qc4+ 47.Kg2 
Qe2+ 48.Kh3 Qxf3 49.Rg8+ Kxg8 50.e8=Q+ Kg7 51.Kh2 Qxg3+ 52.Kh1 f3 53.Qxf7+
Kxf7 54.e6+ Kf6 0-1

[Event "23rd EUR-ch"]
[Site "Vrnjacka Banja SRB"]
[Date "2023.03.13"]
[Round "11.198"]
[White "Arsenie, Cristian Marc"]
[Black "Gkavardinas, Antonios"]
[Result "0-1"]
[WhiteElo "1971"]
[BlackElo "2121"]
[EventDate "2023.03.03"]
[PlyCount "150"]

1.e4 c6 2.Nc3 d5 3.Nf3 Bg4 4.h3 Bxf3 5.Qxf3 Nf6 6.Be2 e6 7.O-O Nbd7 8.d4 
dxe4 9.Nxe4 Nxe4 10.Qxe4 Nf6 11.Qd3 Be7 12.a4 a5 13.Rd1 O-O 14.c3 Qc7 15.
Qf3 Rfd8 16.Bd3 Nd5 17.Qe4 g6 18.Bh6 Bf6 19.Qf3 Qe7 20.Re1 Bg7 21.Bxg7 
Kxg7 22.g3 Rac8 23.Kg2 Rd6 24.Re5 b6 25.h4 Qf6 26.Qg4 c5 27.Bb5 cxd4 28.
Qxd4 Rcd8 29.Rae1 Ne7 30.Qg4 Nf5 31.Qg5 Rd2 32.Qxf6+ Kxf6 33.R5e2 Rxe2 34.
Rxe2 Rd1 35.Rc2 h5 36.c4 Nd4 37.Rc3 Rd2 38.c5 Nxb5 39.axb5 bxc5 40.Rxc5 
Rxb2 41.b6 Rxb6 42.Rxa5 Rb3 43.Ra7 e5 44.Ra6+ Kf5 45.Ra7 f6 46.Ra5 Rc3 47.
Rb5 Ra3 48.Rc5 Ra4 49.Rb5 Ra6 50.Kf3 Rd6 51.Ra5 Ke6 52.Rb5 Rd5 53.Rb6+ Kf5
54.Ra6 Rb5 55.Rc6 Rb3+ 56.Kg2 Rb4 57.Rc5 g5 58.hxg5 Kxg5 59.Rc8 h4 60.
gxh4+ Rxh4 61.Kf3 Kf5 62.Ra8 Rh3+ 63.Ke2 Rb3 64.Ra4 Kg5 65.Ra5 Kf4 66.Ra4+
e4 67.Ra2 f5 68.Rc2 Kg4 69.Rc4 Rb2+ 70.Ke3 f4+ 71.Kxe4 Rxf2 72.Rc8 Re2+ 
73.Kd3 Re7 74.Rc1 f3 75.Kd2 f2 0-1

[Event "23rd EUR-ch"]
[Site "Vrnjacka Banja SRB"]
[Date "2023.03.13"]
[Round "11.199"]
[White "Stoychev, Ognian"]
[Black "Todev, Simeon"]
[Result "1-0"]
[WhiteElo "1952"]
[BlackElo "2119"]
[EventDate "2023.03.03"]
[PlyCount "25"]

1.d4 Nf6 2.c4 g6 3.Nc3 d5 4.Bf4 Bg7 5.e3 O-O 6.Rc1 dxc4 7.Bxc4 c5 8.dxc5 
Qa5 9.Nf3 Qxc5 10.Qb3 Nc6 11.O-O Qh5 12.h3 e5 13.Bh2 1-0

[Event "23rd EUR-ch"]
[Site "Vrnjacka Banja SRB"]
[Date "2023.03.13"]
[Round "11.200"]
[White "Simonovic, Miroslav"]
[Black "Cuzovic, Ognjen"]
[Result "0-1"]
[WhiteElo "2115"]
[BlackElo "2009"]
[EventDate "2023.03.03"]
[PlyCount "50"]

1.d4 d5 2.Bg5 h6 3.Bh4 c6 4.c3 Bf5 5.Nd2 Nd7 6.f4 Ngf6 7.h3 Qc7 8.e3 g5 9.
Bg3 e6 10.Bh2 Bd6 11.g3 h5 12.Ngf3 g4 13.Nh4 Bh7 14.hxg4 Nxg4 15.Qe2 O-O-O
16.b4 f6 17.O-O-O e5 18.Bh3 Rhg8 19.Bxg4 Rxg4 20.Rde1 a5 21.a3 Qb6 22.Nb3 
axb4 23.axb4 c5 24.dxc5 Nxc5 25.Nxc5 Bxc5 0-1

[Event "23rd EUR-ch"]
[Site "Vrnjacka Banja SRB"]
[Date "2023.03.13"]
[Round "11.201"]
[White "Bozinovic, Boban"]
[Black "Janjic, Stefan"]
[Result "1/2-1/2"]
[WhiteElo "1931"]
[BlackElo "2115"]
[EventDate "2023.03.03"]
[PlyCount "53"]

1.e4 e6 2.d4 d5 3.Nc3 Nf6 4.Bg5 Be7 5.e5 Nfd7 6.Bxe7 Qxe7 7.f4 a6 8.Nf3 c5
9.Qd2 Nc6 10.dxc5 Nxc5 11.O-O-O b5 12.Bd3 b4 13.Ne2 a5 14.Kb1 Ba6 15.Ned4 
Nxd4 16.Nxd4 O-O 17.Qe3 Rfc8 18.f5 b3 19.Rhf1 Bxd3 20.cxd3 bxa2+ 21.Ka1 
exf5 22.Nxf5 Nb3+ 23.Kxa2 Qb4 24.Qf4 d4 25.Nh6+ Kh8 26.Nxf7+ Kg8 27.Nh6+ 
1/2-1/2

[Event "23rd EUR-ch"]
[Site "Vrnjacka Banja SRB"]
[Date "2023.03.13"]
[Round "11.202"]
[White "Kochavi, Dana"]
[Black "Hamiti, Gani"]
[Result "0-1"]
[WhiteElo "1929"]
[BlackElo "2112"]
[EventDate "2023.03.03"]
[PlyCount "50"]

1.e4 e5 2.Nf3 Nc6 3.Bb5 f5 4.d3 Nf6 5.O-O fxe4 6.dxe4 Bc5 7.Nc3 d6 8.h3 
O-O 9.Bc4+ Kh8 10.Ng5 Qe8 11.Nd5 Nxd5 12.exd5 Ne7 13.Be3 Bb6 14.Bd3 h6 15.
Nf3 Nxd5 16.Nh4 e4 17.Bxb6 axb6 18.Re1 Nf6 19.f3 Qh5 20.Bxe4 Qxh4 21.a3 
Bxh3 22.gxh3 Qg3+ 23.Kh1 Qxh3+ 24.Kg1 Qg3+ 25.Kh1 Ra5 0-1

[Event "23rd EUR-ch"]
[Site "Vrnjacka Banja SRB"]
[Date "2023.03.13"]
[Round "11.203"]
[White "Deveci, Huseyin Said"]
[Black "Dimitrijevic, Dusan"]
[Result "1/2-1/2"]
[WhiteElo "1913"]
[BlackElo "2105"]
[EventDate "2023.03.03"]
[PlyCount "49"]

1.e4 c6 2.d4 d5 3.Nd2 dxe4 4.Nxe4 Bf5 5.Ng3 Bg6 6.h4 h6 7.Nf3 e6 8.h5 Bh7 
9.Bd3 Bxd3 10.Qxd3 Nf6 11.Bd2 Be7 12.Ne4 O-O 13.Nxf6+ Bxf6 14.O-O-O c5 15.
dxc5 Qxd3 16.cxd3 Nc6 17.Bc3 Rfd8 18.Bxf6 gxf6 19.Rh4 Rd5 20.d4 Rad8 21.
Rd2 e5 22.dxe5 Rxc5+ 23.Kd1 Rxd2+ 24.Nxd2 fxe5 25.Ne4 1/2-1/2

[Event "23rd EUR-ch"]
[Site "Vrnjacka Banja SRB"]
[Date "2023.03.13"]
[Round "11.204"]
[White "Tadic, Ana"]
[Black "Jandric, Damjan"]
[Result "1/2-1/2"]
[WhiteElo "1817"]
[BlackElo "2104"]
[EventDate "2023.03.03"]
[PlyCount "30"]

1.e4 c5 2.Nc3 d6 3.f4 g6 4.Nf3 Bg7 5.Bb5+ Bd7 6.Bc4 Nc6 7.O-O Na5 8.Be2 
Nf6 9.d3 O-O 10.Qe1 Nc6 11.Qh4 e6 12.f5 exf5 13.Bg5 h6 14.Bxh6 Nh7 15.Qf4 
Bxh6 1/2-1/2